00726cam a22002297a 4500008004100000020002500041245008700066260003900153300003200192500002000224504004100244650003200285650002500317650002100342650002200363650003500385650002700420700002200447003000100469005001700470040000900487  a9780340928905 (pbk.)00aHealth psychology :btopics in applied psychology /cCharles Abraham ... [et al.]. aLondon :bHodder Education,c2008. ax, 290 p. :bill. ;c25 cm. aIncludes index. aIncludes bibliographical references. 0aClinical health psychology.12aBehavioral Medicine.22aHealth Behavior.22aHealth Promotion.22aProfessional-Family Relations.22aStress, Psychological.1 aAbraham, Charles.20230120204124.0 cNUST